Zitate des Drachenlords - Statistiken

Allgemein
  • Dieses Quiz wurde 3.594 mal gespielt
    2.554 seit der letzten Aktualisierung
  • Das Durchschnittsergebnis liegt bei 17 aus 40
Antwortstatistiken
Quote Antwort % Korrekt
„So Leute _____ ist fertig runtergeladen. Wollen wir mal ne Runde Starten?“ Forza
96%
„Ich komm mit _______ Sachen achtzig.“ Hundert
83%
„Die Haut ist kein _____.“ Organ
81%
„Was ist euer Libliengsland?“ „Italien.“ „_________.“ „_________.“ Barcelona
74%
„Rainer mit __ ganz wichtig.“ ai
71%
„Ihr werdet mich niemals ________.“ Besiegen
71%
„Ich bin immer ___ ____ _____ als das Jahr.“ ein Jahr älter
69%
„Do you have a ____________.“ Brainschaden
66%
„Früher waren es die _____ heute bin es ich.“ Juden
66%
„Kommt zu mir ______________ 8, 91448 Emskirchen.“ Altschauerberg
65%
„Ich spreche besser Japanisch als Englisch und _______ Zusammne“ Deutsch
61%
„Es gibt nicht zu ____ es gibt nur zu eng“ Jung
58%
„Hädde Columbus Amerika nie entdeckt, wären Indianer heute sowas wie _____“ Elfen
57%
„Was braucht Nahrung zum Wachsen? Richtig! ______.“ Wasser
57%
„Republic of _______.“ Germans
49%
„Ist Barka elon dein _________?“ Lieblingslied
49%
„Der Liebliche ____ eines Neuen Spiels.“ Mief
47%
„Ich hab grad so ein ______ in der Hose.“ Prügel
47%
„Ich bin ned der ______, verdammte Axt.“ Drache
46%
„Ich hasse Menschen, die andere Menschen ______.“ Hassen
46%
„Ja _________, wär ma natürlich ne richtig nice Sache“ Holocaust
45%
„Ich bin einerseits ein sehr fetter Mensch, aber auch ein sehr ______ Mensch.“ Fitter
44%
„Ich habe einen IQ von __.“ 35
40%
„Aber im Normalfall, ich liebe ____________, hasse aber alle anderen Burger.“ Cheeseburger
38%
„Ich bin wie ein ______, nur stärker.“ Mammut
34%
„Was ________ so? Zitterstn
30%
„Für Bio musste ich so verschiedene Pflanzen Sammeln, ja? So, __________.“ Hagebuddne
29%
„Irgendeiner, ig weiß net wer is mir auch scheißegal. Ich weiß net wer es war. Irgendwer hat meine Schwester mit ner __ ______________ angerufen.“ PC Computerstimme
29%
„Ich habe mich nie in den ___________ gedrängt.“ Vordergrund
29%
„3 Tage komplett flach gelegen, obwohl das mit meiner _____ unmöglich ist.“ Wampe
21%
„____ du schieß Vollidiot.“ Ezio
20%
„Das ____ ist größer als die Welt.“ Meer
19%
„Mein ______, meine Regeln.“ Server
19%
„_______ hat den Namen von seiner Mutter bekommen, den kennen wir aber nicht nicht, weil wir nicht ihre Sprache sprechen.“ Hamster
17%
„Bin so Hot, das mir die ______ sofort in die Falle Geh’n.“ Chicks
16%
„Der Durchschnitt ist immer so eine ________________“ Durchschnittszahl
12%
„Du hörst selber Meddl, schreist rum wie ______, da würd ich mal sagen: Wenn du Meddl hörst, hörst du NSBM-Meddl und das is kein Meddl, das is einfach nur Geficke!“ Hitler
12%
„Scheiden, Rendern, Hochladen ___ ____________ das immer.“ ihr unterschätzt
11%
„Natürlich hab ich keinen Oberkiefer. Nur _________ und Vögel haben Oberkiefer.“ Krokodile
11%
„Brot kann _________. Was könnt ihr?“ Scheissen
10%
Keine übereinstimmenden Quizze gefunden
Verteilung der Resultate
Anzahl Personen mit jedem Resultat
Perzentil nach korrekt beantworteten Fragen
Ihre Resultats-Entwicklung
Sie haben dieses Quiz seit der letzten Aktualisierung nicht gespielt